000 00786nam a2200241Ia 4500
003 GCL
008 140319s9999 xx 000 0 ara d
040 _aGCL /
_cGCL
082 0 4 _a822.008
_bش ز
100 1 _aنظير عبود
245 1 0 _aزوجات وندسور المرحات /
_cنظير عبود
700 1 _aج. يونس (تعريب)
700 1 _aشكسبير، ويليام
260 _aبيروت :
_bدار الجيل ،
_c1989
260 _aبيروت :
_bدار نظير عبود ،
_c1989
300 _a128 ص ؛
_c19سم
490 _aوليم شكسبير
_v0
650 0 4 _aالمسرحيات
650 0 4 _aالادب الانجليزى
650 0 4 _aالمسرحيات الانجليزية
650 0 4 _aشكسبير، ويليام
942 _2ddc
_cBK
999 _c33551
_d33551